00645 2200241 4500001002100000005001500021035002000036007000300056008004100059020002200100082001400122084002000136100001900156245008300175250001100258260003200269300002300301650002000324700001700344700001800361990001200379990001200391INLIS00000000000166620180301103119 a0010-0318000009ta180301 g 0 ind  a978-602-16950-0-5 a899.221 3 a899.221 3 ABD m0 aABDUL, MUtaqin1 aMandi Cahaya Rembulan /cAbdul Mutaqin, penyunting, Arta Wijaya, Aminahmustari acet. 1 aJakarta :bSalsabila,c2013 a223 hlm. ;c21 cm. aFIKSI INDONESIA0 aARTA, Wijaya0 aAMINAHMUSTARI a16375 a a16375 b